Dulles International Airport Destinations (Washington, D.C., USA) - Statistics

General Stats
  • This quiz has been taken 300 times
    124 since last reset
  • The average score is 111 of 163
Answer Stats
Airline Destination % Correct
Etihad Airways Abu Dhabi
95%
KLM/United Airlines Amsterdam
95%
American Airlines/Frontier Airlines/United Airlines Dallas/Fort Worth
95%
Aer Lingus/United Airlines Dublin
95%
Air Canada Express/United Express Montréal (Trudeau)
95%
Porter Airlines Toronto (Billy Bishop)
95%
Air Canada Express/United Express Toronto (Pearson)
95%
Air Canada/United Airlines Vancouver
95%
Brussels Airlines/United Airlines Brussels
93%
Lufthansa/United Airlines Frankfurt
93%
United Airlines Houston (Intercontinental)
93%
British Airways/United Airlines/Virgin Atlantic London (Heathrow)
93%
Aeroméxico/United Airlines Mexico City
93%
United Airlines/United Express Newark
93%
Delta Connection New York (JFK)
93%
United Express New York (LaGuardia)
93%
Delta Air Lines/Frontier Airlines/United Airlines Atlanta
92%
United Airlines Boston
92%
United Airlines/WestJet Calgary
92%
United Airlines Chicago (O'Hare)
92%
Southwest Airlines/United Airlines Denver
92%
Qatar Airways Doha
92%
Emirates Dubai (International)
92%
Frontier Airlines/United Airlines Las Vegas
92%
TAP Air Portugal/United Airlines Lisbon
92%
Alaska Airlines/United Airlines Los Angeles
92%
Iberia/United Airlines Madrid
92%
Frontier Airlines/United Airlines Miami
92%
Lufthansa/United Airlines Munich
92%
Air France/United Airlines Paris (Charles de Gaulle)
92%
ITA Airways/United Airlines Rome (Fiumicino)
92%
Alaska Airlines/United Airlines San Diego
92%
United Airlines San Francisco
92%
Alaska Airlines/Delta Air Lines/United Airlines Seattle/Tacoma
92%
Swiss International Air Lines/United Airlines Zürich
92%
Ethiopian Airlines Addis Ababa
90%
Scandinavian Airlines Copenhagen
90%
Delta Connection/Sun Country Express/United Express Minneapolis/St. Paul
90%
United Express Portland (ME)
90%
United Airlines Portland (OR)
90%
All Nippon Airways/United Airlines Tokyo (Haneda)
90%
Air China Beijing (Capital)
88%
Avianca Bogotá
88%
American Eagle/United Express Charlotte
88%
Delta Air Lines/Delta Connection/United Express Detroit
88%
United Express Kansas City
88%
Saudia Riyadh
88%
Avianca Costa Rica/United Airlines San José (CR)
88%
Korean Air Seoul (Incheon)
88%
United Airlines Austin
87%
Egyptair Cairo
87%
Air India Delhi
87%
Turkish Airlines Istanbul
87%
Allegiant Air/United Airlines/United Express Nashville
87%
Frontier Airlines/United Airlines Orlando
87%
United Express Philadelphia
87%
Southwest Airlines/United Airlines Phoenix (Sky Harbor)
87%
United Express Pittsburgh
87%
Icelandair Reykjavík
87%
United Express St. Louis
87%
Royal Jordanian/United Airlines Amman (Queen Alia)
85%
United Airlines Barcelona
85%
United Airlines Cancún
85%
Royal Air Maroc Casablanca
85%
United Airlines/United Express Indianapolis
85%
Delta Air Lines/United Airlines Salt Lake City
85%
Austrian Airlines Vienna
85%
United Airlines Athens
83%
United Express Buffalo
83%
United Express Cincinnati
83%
United Airlines/United Express Cleveland
83%
United Express Manchester (NH)
83%
United Airlines New Orleans
83%
United Airlines San Antonio
83%
Avianca El Salvador/Frontier Airlines/United Airlines/Volaris El Salvador San Salvador
83%
United Airlines/United Express Columbus (Glenn)
82%
Allegiant Air/United Airlines/United Express Jacksonville (FL)
82%
Saudia Jeddah
82%
Boliviana de Aviación/Copa Airlines Panama City (Tocumen)
82%
Frontier Airlines/United Airlines Tampa
80%
United Airlines Albuquerque
78%
United Airlines/United Express Raleigh/Durham
78%
United Airlines São Paulo (Guarulhos)
78%
United Express Ottawa
75%
United Airlines Edinburgh
73%
United Airlines Fort Lauderdale
73%
United Express Richmond
73%
United Express Rochester (NY)
73%
United Airlines Sacramento
73%
United Airlines Anchorage
72%
Avianca Costa Rica/United Airlines Guatemala City
72%
United Airlines Honolulu
72%
United Airlines Nassau
72%
United Express Albany
70%
United Airlines/United Express Charleston (SC)
70%
United Airlines Geneva
70%
United Express Louisville
70%
United Express Syracuse
70%
United Airlines Tel Aviv
70%
United Airlines Key West
67%
Allegiant Air/United Express Savannah
67%
Frontier Airlines/United Airlines San Juan
65%
United Airlines/United Express Hartford
63%
United Express Providence
63%
United Airlines Punta Cana
63%
United Airlines Cape Town
62%
United Airlines/United Express Norfolk
62%
United Airlines Fort Myers
60%
Allegiant Air/United Express Knoxville
58%
United Express Greensboro
57%
United Express Greenville/Spartanburg
57%
Avelo Airlines Wilmington (NC)
57%
United Express Columbia (SC)
55%
United Airlines Lagos
55%
United Airlines Montego Bay
55%
United Airlines Aruba
53%
United Express Harrisburg
53%
United Express Myrtle Beach
53%
United Airlines Nice
53%
United Airlines Accra
52%
United Express Burlington (VT)
50%
United Express Mobile (Regional)
50%
United Airlines Venice
50%
United Express West Palm Beach
50%
Avelo Airlines New Haven
48%
Allegiant Air Destin/Fort Walton Beach
47%
Boliviana de Aviación Santa Cruz de la Sierra (Viru Viru)
47%
Allegiant Air Asheville
45%
United Express Dayton
45%
United Airlines Barbados
43%
Allegiant Air Sarasota
43%
United Express Roanoke
42%
United Airlines Dakar (Diass)
40%
United Express Huntsville
40%
Ethiopian Airlines Lomé
40%
United Airlines Providenciales
37%
United Airlines St. Thomas
35%
United Airlines Bozeman
33%
United Airlines Eagle/Vail
33%
United Airlines Grand Cayman
32%
United Airlines Jackson Hole
32%
Allegiant Air Punta Gorda (FL)
32%
United Airlines St. Maarten
32%
United Express Charlottesville (VA)
30%
United Express Wilkes-Barre/Scranton
30%
United Express Ithaca
27%
Contour Airlines Macon/Warner Robins (GA)
27%
United Express Morgantown (WV)
27%
United Express State College
27%
United Airlines Palm Springs
25%
Breeze Airways/United Express South Bend
25%
United Express Traverse City
25%
United Airlines Hayden/Steamboat Springs
23%
Southern Airways Express Lancaster (PA)
22%
Breeze Airways Vero Beach
18%
Southern Airways Express Bradford (PA)
15%
Breeze Airways Ogdensburg
15%
United Express Johnstown (PA)
13%
Southern Airways Express DuBois (PA)
12%
Contour Airlines Plattsburgh
12%
Breeze Airways Provo
12%
Southern Airways Express Williamsport (PA)
12%
Breeze Airways Tri-Cities (TN)
10%
No matching quizzes found
Score Distribution
Percent of People with Each Score
Percentile by Number Answered
Your Score History
You have not taken this quiz since the last reset